000 00333nam a22001337a 4500
008 181015b xxu||||| |||| 00| 0 eng d
020 _a0138186596
041 _aeng
080 _a316
100 _a50
101 _aSOC
245 _aSocial Stratification The Form And Functions Of Inequality
_cTumin.M.M
942 _2udc
_cBK
999 _c49688
_d49688